Maestros de la literatura universal : (Registro nro. 6852)
[ vista simple ]
| 000 -LEADER | |
|---|---|
| fixed length control field | 01273nam a22002897a 4500 |
| 003 - CONTROL NUMBER IDENTIFIER | |
| control field | OSt |
| 005 - DATE AND TIME OF LATEST TRANSACTION | |
| control field | 20250414124604.0 |
| 008 - FIXED-LENGTH DATA ELEMENTS--GENERAL INFORMATION | |
| fixed length control field | 200916s1984 ck ||||gr|||| 00| 0 spa d |
| 020 ## - INTERNATIONAL STANDARD BOOK NUMBER | |
| International Standard Book Number | 8482806807 |
| 040 ## - CATALOGING SOURCE | |
| Original cataloging agency | CO-JMCR |
| Transcribing agency | CO-JMCR |
| 041 0# - LANGUAGE CODE | |
| Language code of text/sound track or separate title | spa |
| 082 04 - DEWEY DECIMAL CLASSIFICATION NUMBER | |
| Classification number | A-N |
| Item number | FITm |
| Edition number | 23 |
| 100 1# - MAIN ENTRY--PERSONAL NAME | |
| Personal name | Fitzgerald, Francis Scott K., |
| Relator term | autor |
| 9 (RLIN) | 10286 |
| 245 10 - TITLE STATEMENT | |
| Title | Maestros de la literatura universal : |
| Remainder of title | norteamericana 2 / |
| Statement of responsibility, etc. | Francis Scott K. Fitzgerald, Herry Miller, Carson McCullers ; traducciones, E. Piñas, Carlos Manzano, Juan Antonio Masoliver, [otros 2] |
| 260 ## - PUBLICATION, DISTRIBUTION, ETC. | |
| Place of publication, distribution, etc. | Colombia : |
| Name of publisher, distributor, etc. | Oveja negra, |
| Date of publication, distribution, etc. | 1984. |
| 300 ## - PHYSICAL DESCRIPTION | |
| Extent | 652 páginas ; |
| Dimensions | 22 cm. |
| 505 ## - FORMATTED CONTENTS NOTE | |
| Title | El gran gatsby / |
| Statement of responsibility | Francis Scott K. Fitzgerald -- |
| Title | Tropico de cancer / |
| Statement of responsibility | Henry Miller -- |
| Title | La balada del cafe triste / |
| Statement of responsibility | Carson McCullers -- |
| Title | A sangre fria / |
| Statement of responsibility | Truman Capote |
| 650 24 - SUBJECT ADDED ENTRY--TOPICAL TERM | |
| Topical term or geographic name entry element | Literatura universal |
| General subdivision | Norteamericana |
| 9 (RLIN) | 10287 |
| 650 24 - SUBJECT ADDED ENTRY--TOPICAL TERM | |
| Topical term or geographic name entry element | autores |
| General subdivision | Norteamericanos |
| 9 (RLIN) | 10288 |
| 650 24 - SUBJECT ADDED ENTRY--TOPICAL TERM | |
| Topical term or geographic name entry element | Historia y literatura |
| General subdivision | Norteamericana |
| 9 (RLIN) | 10289 |
| 700 1# - ADDED ENTRY--PERSONAL NAME | |
| Personal name | Miller, Henry, |
| Relator term | autor |
| 9 (RLIN) | 10290 |
| 700 1# - ADDED ENTRY--PERSONAL NAME | |
| Personal name | McCullers, Carson, |
| Relator term | autor |
| 9 (RLIN) | 10291 |
| 700 1# - ADDED ENTRY--PERSONAL NAME | |
| Personal name | E. Piñas |
| Relator term | traductor |
| 9 (RLIN) | 10292 |
| 700 1# - ADDED ENTRY--PERSONAL NAME | |
| Personal name | Manzano, Carlos, |
| Relator term | traductor |
| 9 (RLIN) | 10293 |
| 700 1# - ADDED ENTRY--PERSONAL NAME | |
| Personal name | Masoliver, Juan Antonio, |
| Relator term | traductor |
| 9 (RLIN) | 10294 |
| 942 ## - ADDED ENTRY ELEMENTS (KOHA) | |
| Source of classification or shelving scheme | Dewey Decimal Classification |
| Koha item type | Books |
| Withdrawn status | Lost status | Source of classification or shelving scheme | Damaged status | Not for loan | Home library | Current library | Shelving location | Date acquired | Source of acquisition | Total Checkouts | Full call number | Barcode | Date last seen | Date last checked out | Copy number | Price effective from | Koha item type |
|---|---|---|---|---|---|---|---|---|---|---|---|---|---|---|---|---|---|
| Dewey Decimal Classification | Biblioteca Pública José María del Castillo y Rada | Biblioteca Pública José María del Castillo y Rada | General Stacks | 04/15/2018 | Donación | 1 | A-N FITm | 201809799 | 08/15/2024 | 08/15/2024 | Ej.1 | 04/15/2018 | Books |